000
00293nam a2200109 4500
245
_a
Captains caurageous : a story of the Grand Banks
_c
Rudyard Kipling
100
_a
Kipling, Rudyard
260
_a
London
_b
Macmillan
_c
1963
300
_a
241p.; 20cm.
500
_a
1865-1936
082
_a
823.912
_b
KIP
999
_c
1076
_d
1076